000
00292 a2200109 4500
001
ART_26211
005
20260410161937.0
008
260409a
245
1
0
_a
Método científico
100
1
_a
Méndez Ramírez, Ignacio
773
0
_t
SaberEs
_g
- Nº 4 (jun. 2012)
_w
REV26089
999
_c
29103
_d
29103